| 000 | 00686cab a2200205 4500 | ||
|---|---|---|---|
| 001 | ABS40516 | ||
| 008 | 090401t1989 xxu||||| |||| 00| 0 eng d | ||
| 035 | _a(Sirsi) u24448 | ||
| 041 | _aeng | ||
| 100 | _aCatt, R. | ||
| 245 | _aHoly orders | ||
| 260 | _c1989 | ||
| 350 | _a0 | ||
| 490 |
_aBuilding Today _v197(5795) 2 March 1989, 25-27(3) |
||
| 520 | _aWith the prospect of chartered building surveyors being permitted to undertake out the yearly building inspection of churches , this article highlights some of the problems. | ||
| 650 | _aBUILT ENVIRONMENT-BUILDING SURVEYING-STRUCTURAL SURVEYING | ||
| 690 | _aPRACTICE AND TECHNIQUES | ||
| 942 | _n0 | ||
| 948 | _c04/03/1997 | ||
| 999 |
_c16395 _d16395 |
||